| 000 | 00784nam a2200229 a 4500 | ||
|---|---|---|---|
| 001 | BRL_1247 | ||
| 005 | 20190320211117.0 | ||
| 008 | 041213s1968----mx-ae#####---#000-0#spa-# | ||
| 041 | _aspa | ||
| 044 | _amx | ||
| 050 | 4 |
_aQH70.M42 _b.B37 1968 |
|
| 245 | 1 | 0 |
_aMuseo de Historia Natural _c[texto Alfredo Barrera Vázquez] |
| 260 |
_aMéxico _bComité Organizador de los Juegos de la xix 0limpiada _c1968 |
||
| 300 |
_a77 p. _bil. (algunas a color), planos _c22 cm. |
||
| 500 | _aAu1415 | ||
| 610 | 2 | 4 |
_aMuseo de Historia Natural (México) _926270 |
| 650 | 1 | 4 |
_aHistoria natural _xGalerías y museos _zMéxico _926271 |
| 700 | 1 |
_aBarrera Vásquez, Alfredo _926272 |
|
| 710 | 2 |
_aComite Organizador de los Juegos de la XIX Olimpiada (México) _926165 |
|
| 902 | _aGRL | ||
| 942 |
_2lcc _cB |
||
| 999 |
_c10059 _d10059 |
||